All Governors of Minnesota - Statistics

General Stats
  • This quiz has been taken 18 times
  • The average score is 10 of 41
Answer Stats
Hint Party Answer % Correct
2019 - Present Democrat Tim Walz
100%
1999 - 2003 Freedon/Independence Jesse Ventura
86%
2011 - 2019 Democrat Mark Dayton
79%
2003 - 2011 Republican Tim Pawlenty
79%
1991 - 1999 Republican Arne Carlson
64%
1931 - 1936 Farmer-Labor Floyd B. Olson
50%
1951 - 1955 Republican C. Elmer Anderson
43%
1971 - 1976 Democrat Wendell R. Anderson
43%
1939 - 1943 Republican Harold Stassen
36%
1976 - 1979 Democrat Rudy Perpich
36%
1983 - 1991 Democrat Rudy Perpich
36%
1979 - 1983 Republican Al Quie
29%
1858 - 1860 Democrat Henry Hastings Sibley
29%
1955 - 1961 Democrat Orville Freeman
29%
1860 - 1863 Republican Alexander Ramsey
21%
1937 - 1939 Farmer Labor Elmer Austin Benson
21%
1905 - 1909 Democrat John Albert Johnson
21%
1967 - 1971 Republican Harold LeVander
14%
1863 - 1864 Republican Henry Adoniram Swift
14%
1876 - 1882 Republican John S. Pillsbury
14%
1963 - 1967 Democrat Karl Rolvaag
14%
1909 - 1915 Republican Adolph Olson Eberhart
7%
1887 - 1889 Republican Andrew Ryan McGill
7%
1874 - 1876 Republican Cushman K. Davis
7%
1943 - 1947 Republican Edward John Thye
7%
1936 - 1937 Farmer-Labor Hjalmar Petersen
7%
1870 - 1874 Republican Horace Austin
7%
1921 - 1925 Republican J. A. O. Preus
7%
1899 - 1901 Democrat John Lind
7%
1915 - 1921 Republican Joseph A. A. Burnquist
7%
1893 - 1895 Republican Knute Nelson
7%
1882 - 1887 Republican Lucius Frederick Hubbard
7%
1947 - 1951 Republican Luther Youngdahl
7%
1864 - 1866 Republican Stephen Miller
7%
1925 - 1931 Republican Theodore Christianson
7%
1889 - 1893 Republican William Rush Merriam
7%
1895 - 1899 Republican David Marston Clough
0%
1961 - 1963 Republican Elmer L. Andersen
0%
1901 - 1905 Republican Samuel Rinnah Van Sant
0%
1866 - 1870 Republican William Rainey Marshall
0%
1915 Democrat Winfield Scott Hammond
0%
No matching quizzes found
Score Distribution
Percent of People with Each Score
Percentile by Number Answered
Your Score History
You have not taken this quiz